Die Diktator-Akten: Joseph Stalin - Statistiken

Allgemein
  • Dieses Quiz wurde 78 mal gespielt
  • Das Durchschnittsergebnis liegt bei 12 aus 20
Antwortstatistiken
Beschreibung Antwort % Korrekt
Wer war der Vorgänger Stalins als Führer der Sowjetunion? V. I. Lenin
98%
Welcher Begriff bezeichnete die Trennung zwischen dem freien und dem kommunistischen Europa nach dem Zweiten Weltkrieg? Der {Eiserne} Vorhang
95%
Was bedeutet der Name Stalin? Mann aus {Stahl}
90%
Mit welchem Land unterzeichnete die UdSSR 1939 einen Nichtangriffspakt? Deutschland
87%
In welchem Land (damals Teil des Russischen Reiches) wurde Stalin geboren? Georgien
87%
Wer waren die beiden anderen Anführer der „Großen Drei“ der Alliierten im Zweiten Weltkrieg? Winston Churchill
83%
Welches „Archipel“ aus Zwangsarbeitslagern wurde unter Stalin stark ausgeweitet? Der Gulag
78%
Welche Region der Sowjetunion erlitt während der „Holodomor“-Hungersnot 1932–1933 Millionen Todesopfer? Ukraine
78%
Wer waren die beiden anderen Anführer der „Großen Drei“ der Alliierten im Zweiten Weltkrieg? Franklin D. Roosevelt
75%
Welcher kommunistische Rivale wurde auf Stalins Befehl in Mexiko-Stadt ermordet? Leo Trotzki
73%
Für welchen Preis wurde Stalin 1945 und 1948 nominiert? Friedensnobelpreis
67%
Welche Stadt hieß von 1925 bis 1961 Stalingrad? Wolgograd
57%
Welche Krankheit hinterließ Narben in Stalins Gesicht, als er ein Junge war? Pocken
48%
Wie hieß Stalins Ermordung von mindestens 600.000 politischen Gegnern – darunter fast alle hochrangigen Militärs – in den späten 1930er Jahren? Die Große {Säuberung} / Der Große {Terror}
42%
Welcher sowjetische Führer der 1950er und 1960er Jahre „entstalinisierte“ das Land? Nikita Chruschtschow
42%
In welchem Buch gibt es ein Schwein namens Napoleon, das Stalin auffallend ähnelt? Animal Farm
33%
Für welchen Beruf wurde Stalin ursprünglich ausgebildet? Priester
33%
Unter welchem freundlichen Spitznamen war Stalin während des Zweiten Weltkriegs in den USA bekannt? {Onkel} Joe
25%
Vervollständige das Zitat, das fälschlicherweise Stalin zugeschrieben wird: „Der Tod eines einzelnen Menschen ist eine Tragödie, der Tod von Millionen ist eine _________.“ Statistik
23%
Welchen amerikanischen Western-Filmstar soll Stalin angeblich ermorden lassen haben? John Wayne
10%
Keine übereinstimmenden Quizze gefunden
Verteilung der Resultate
Anzahl Personen mit jedem Resultat
Perzentil nach korrekt beantworteten Fragen
Ihre Resultats-Entwicklung
Sie haben dieses Quiz noch nicht gespielt